000 00513nam a22001817a 4500
003 MPLRDC
005 20220104191345.0
008 210129b ||||| |||| 00| 0 eng d
020 _a7-100-02497-8
082 _a945.31 SWYS
100 _a《商务印书馆百年纪念书画集》编委员 编
245 _a商务印书馆百年纪念书画集
_c
250 _a一版一刷
260 _a中国
_b商务印书馆
_c1997
300 _b
650 _a中国画册--诸家汇编
942 _cBK
_o945.31 SWYS
999 _c64212
_d64202